000 01234nam a2200253Ia 4500
999 _c38450
_d38450
001 4462
003 GE_BSU
005 20190520145421.0
008 181216s1981||||ge |||||||||||||| ||geo||
040 _cGE_BSU
041 _ageo
080 _a53+531+539.1(075.8) კ–88
100 _aკუკულაძე,გ.
_91392
245 _aზოგადი ფიზიკის კურსი. ტომი I : მექანიკა და მოლეკულური ფიზიკა : სახელმძღვ. /
_cგ. კუკულაძე ; ,დ. ღონღაძე ; ნ. შანიძე ; რედ : ა.ბესელია, მ.ბაზაძე.
264 _aთბილისი :
_bგანათლება,
_c1981.
300 _a355 გვ .:
_c22 სმ.
653 _aზოგადი ფიზიკის კურსი
653 _aმექანიკა და მოლეკულური ფიზიკა
700 _aღონღაძე, დ
_91353
700 _aშანიძე, ნ
_91393
700 _aბესელია, ა
_eრედაქტორი
_91376
700 _aბაზაძე, მ
_eრედაქტორი
_91394
942 _cBK
_2udc